000 00416nam a2200157Ia 4500
005 20250218145402.0
008 231217s9999 xx 000 0 und d
020 _a9788131407288
082 _a658.84 GUP;1 R
100 _aGupta, Rahul ed.
245 0 _aWorld agricultural trade : WTO perspective
260 _c2007
_bIcfai
_aHyderabad
300 _axii, 293
650 _aagricultural,trade,WTO
942 _cAA
999 _c187010
_d187010